00410nam a2200157Ia 4500008004100000020001500041082001500056100001600071245002500087250000900112260004100121300002900162500001900191600002700210650001500237240925s9999 xx 000 0 und d a8185594589 a604.24 BHA aBhatt , N.D 0aEngineering Drawing  a45th aAnnand:bCharotar Pub. Housec,2006. axvi,600p.bN.AfOriginal aIncludes Index aElectrical Engineering aTechnology